[Event "ISL-chT2 1718"]
[Site "Reykjavik"]
[Date "2017.10.21"]
[Round "2.1"]
[White "Olafsson, Thorvadur F"]
[Black "Johannsson, Orn Leo"]
[Result "1-0"]
[WhiteElo "2160"]
[BlackElo "2216"]
[PlyCount "63"]
[EventDate "2017.10.20"]
[EventType "team-tourn"]
[EventRounds "7"]
[EventCountry "ISL"]
[SourceTitle "CBM 181 Extra"]
[Source "ChessBase"]
[SourceDate "2017.12.12"]
[SourceVersion "1"]
[SourceVersionDate "2017.12.12"]
[SourceQuality "1"]
[WhiteTeam "Vinaskakfelagid"]
[BlackTeam "Reykjanesbaejar"]
[WhiteTeamCountry "ISL"]
[BlackTeamCountry "ISL"]

1. e4 g6 2. d4 Bg7 3. Nc3 d6 4. Nge2 a6 5. a4 b6 6. g3 Bb7 7. Bg2 Nd7 8. 0-0 c5 9. Be3 Qc7 10. Qd2 cxd4 11. Bxd4 Ngf6 12. Nd5 Bxd5 13. exd5 0-0 14. c4 Rfc8 15. b3 Qb7 16. Bh3 Rc7 17. Bxd7 Rxd7 18. Nc3 Rc8 19. Rfe1 Rb8 20. Rad1 Qc8 21. Re2 Rc7 22. Kg2 Qf5 23. Rde1 Rbb7 24. Ne4 b5 25. axb5 axb5 26. Bxf6 Bxf6 27. c5 dxc5 28. d6 Rd7 29. Nxf6+ Qxf6 30. dxe7 Qxe7 31. Qh6 Qf8 32. Re8 1-0

[Event "Reykjavik Taflfelag op"]
[Site "Reykjavik"]
[Date "2017.09.13"]
[Round "4"]
[White "Gretarsson, Hjorvar Steinn"]
[Black "Olafsson, Thorvadur F"]
[Result "1/2-1/2"]
[WhiteElo "2567"]
[BlackElo "2164"]
[PlyCount "172"]
[EventDate "2017.09.06"]
[EventType "swiss"]
[EventRounds "9"]
[EventCountry "ISL"]
[SourceTitle "CBM 180 Extra"]
[Source "ChessBase"]
[SourceDate "2017.10.06"]
[SourceVersion "1"]
[SourceVersionDate "2017.10.06"]
[SourceQuality "1"]

1. e4 c5 2. Nf3 Nc6 3. Bb5 g5 4. Bxc6 dxc6 5. Nxg5 Nf6 6. d3 h6 7. Nf3 Rg8 8. g3 Bh3 9. Qe2 Qb6 10. Nbd2 Qa5 11. c3 0-0-0 12. Nb3 Qb5 13. c4 Qa4 14. Bd2 b6 15. Ne5 Bg7 16. Bc3 Ng4 17. f4 Bxe5 18. fxe5 Rg5 19. Qf3 Rxe5 20. 0-0-0 Rg5 21. Kb1 f6 22. Rd2 h5 23. Nc1 Ne5 24. Qe3 Ng4 25. Qe2 Ne5 26. Rc2 Qa6 27. Bd2 Bg4 28. Qf1 Rg7 29. Bf4 Ng6 30. Rf2 Qb7 31. Qe1 Qd7 32. Qe3 Bh3 33. Re1 Qd4 34. Qxd4 Rxd4 35. Kc2 Rd8 36. e5 Rf7 37. Bg5 Rdf8 38. exf6 exf6 39. Bd2 Bg4 40. Bc3 Kd7 41. d4 cxd4 42. Bxd4 c5 43. Bc3 Ne7 44. Nd3 Nc6 45. Nf4 Kc8 46. Nd5 Ne5 47. Rf4 Be6 48. Ne3 Ng4 49. Nf5 Bxf5+ 50. Rxf5 Nxh2 51. Rxh5 Nf3 52. Re3 Nd4+ 53. Bxd4 cxd4 54. Rd3 Rg8 55. Rf5 Rg4 56. Rf4 Rfg7 57. Rff3 Kc7 58. b4 R7g6 59. Ra3 Kb7 60. b5 d3+ 61. Rfxd3 Rxc4+ 62. Kd2 Rg7 63. Rab3 Rcg4 64. Ke2 f5 65. Rf3 Re7+ 66. Kf2 Re5 67. Rfd3 Rg7 68. Kf3 Rc5 69. Rd4 Rgc7 70. a4 Rc4 71. Rd5 R4c5 72. Rbd3 a6 73. Kf4 axb5 74. axb5 Rf7 75. R3d4 Rg7 76. Rd3 Rg4+ 77. Kf3 Rgc4 78. Rd7+ Rc7 79. R3d5 R4c5 80. Kf4 Rxd7 81. Rxd7+ Kc8 82. Rf7 Rxb5 83. Rxf5 Rxf5+ 84. Kxf5 b5 85. Ke5 b4 86. Kd4 Kd7 1/2-1/2

[Event "Reykjavik Taflfelag op"]
[Site "Reykjavik"]
[Date "2017.09.06"]
[Round "1"]
[White "Petursson, Armann"]
[Black "Olafsson, Thorvadur F"]
[Result "0-1"]
[WhiteElo "1288"]
[BlackElo "2164"]
[PlyCount "72"]
[EventDate "2017.09.06"]
[EventType "swiss"]
[EventRounds "9"]
[EventCountry "ISL"]
[SourceTitle "CBM 180 Extra"]
[Source "ChessBase"]
[SourceDate "2017.10.06"]
[SourceVersion "1"]
[SourceVersionDate "2017.10.06"]
[SourceQuality "1"]

1. c4 Nf6 2. Nc3 c5 3. g3 g6 4. Bg2 Bg7 5. Nf3 0-0 6. 0-0 Nc6 7. d3 d5 8. cxd5 Nxd5 9. Nxd5 Qxd5 10. Ng5 Qd7 11. Rb1 b6 12. a3 Bb7 13. Bd2 Nd4 14. Bxb7 Qxb7 15. e3 Nc6 16. Bc3 Rad8 17. Qc2 Rd7 18. b4 Bxc3 19. Qxc3 cxb4 20. axb4 Rc8 21. Rfc1 Rdc7 22. Qb2 Ne5 23. d4 Nd3 24. Rxc7 Qxc7 25. Qd2 Qc2 26. Qxc2 Rxc2 27. f4 a6 28. d5 Rc4 29. e4 h6 30. Nf3 Rxe4 31. Rb3 Nxb4 32. Nd2 Rd4 33. Nf3 Rd1+ 34. Kf2 Nxd5 35. Ke2 Rc1 36. Kd2 Rc8 0-1

[Event "Runavik op"]
[Site "Runavik"]
[Date "2016.11.27"]
[Round "9"]
[White "Olafsson, Thorvadur F"]
[Black "Thybo, Jesper Sondergaard"]
[Result "1/2-1/2"]
[WhiteElo "2182"]
[BlackElo "2348"]
[PlyCount "53"]
[EventDate "2016.11.21"]
[EventType "swiss"]
[EventRounds "9"]
[EventCountry "FAI"]
[SourceTitle "CBM 175 Extra"]
[Source "ChessBase"]
[SourceDate "2016.12.12"]
[SourceVersion "1"]
[SourceVersionDate "2016.12.12"]
[SourceQuality "1"]

1. d4 Nf6 2. Nf3 e6 3. g3 c5 4. Bg2 d5 5. 0-0 Nc6 6. c4 dxc4 7. Qa4 cxd4 8. Nxd4 Qxd4 9. Bxc6+ Bd7 10. Rd1 Bxc6 11. Qxc6+ bxc6 12. Rxd4 c5 13. Rxc4 Be7 14. Be3 Nd5 15. Na3 Nxe3 16. fxe3 0-0 17. Rd1 Rfb8 18. Rc2 a5 19. Nc4 a4 20. Kf2 Rb7 21. e4 Kf8 22. Kf3 Rab8 23. Rd3 Rc7 24. Rdd2 Bg5 25. Rd3 Be7 26. Rdd2 Bg5 27. Rd3 1/2-1/2

[Event "Runavik op"]
[Site "Runavik"]
[Date "2016.11.26"]
[Round "8"]
[White "Hojgaard, Brandur"]
[Black "Olafsson, Thorvadur F"]
[Result "0-1"]
[WhiteElo "1791"]
[BlackElo "2182"]
[PlyCount "111"]
[EventDate "2016.11.21"]
[EventType "swiss"]
[EventRounds "9"]
[EventCountry "FAI"]
[SourceTitle "CBM 175 Extra"]
[Source "ChessBase"]
[SourceDate "2016.12.12"]
[SourceVersion "1"]
[SourceVersionDate "2016.12.12"]
[SourceQuality "1"]

1. d4 Nf6 2. c4 c5 3. d5 b5 4. b3 bxc4 5. bxc4 g6 6. Nd2 Bg7 7. Bb2 d6 8. e4 0-0 9. Qc2 Nbd7 10. Ngf3 Rb8 11. Bc3 Nb6 12. a4 Na8 13. Bd3 Nc7 14. 0-0 Na6 15. Rab1 Bd7 16. Rxb8 Qxb8 17. Rb1 Qc7 18. e5 Ne8 19. exd6 Nxd6 20. Bxg7 Kxg7 21. Qc3+ Kg8 22. Bc2 Nb4 23. Ne5 a5 24. Nxd7 Qxd7 25. Bd1 Qf5 26. h3 h5 27. Bf3 Rb8 28. Re1 Qf6 29. Qxf6 exf6 30. Rb1 f5 31. g4 hxg4 32. hxg4 fxg4 33. Bxg4 f5 34. Be2 Re8 35. Kf1 Ne4 36. Nxe4 Rxe4 37. Rd1 Rd4 38. Rxd4 cxd4 39. Ke1 Kf8 40. Bf3 Ke7 41. Be2 g5 42. Kd2 Kd6 43. Bd3 Ke5 44. Bf1 g4 45. Be2 Na6 46. Bd1 Nc5 47. Bc2 f4 48. Ke2 Nd7 49. Bb3 Nb6 50. Kd3 Nd7 51. Ke2 d3+ 52. Kf1 Nc5 53. Bd1 f3 54. Kg1 d2 55. Kh2 Ne4 56. Kg1 0-1

[Event "Runavik op"]
[Site "Runavik"]
[Date "2016.11.24"]
[Round "5"]
[White "Berg, Margar"]
[Black "Olafsson, Thorvadur F"]
[Result "1/2-1/2"]
[WhiteElo "1789"]
[BlackElo "2182"]
[PlyCount "114"]
[EventDate "2016.11.21"]
[EventType "swiss"]
[EventRounds "9"]
[EventCountry "FAI"]
[SourceTitle "CBM 175 Extra"]
[Source "ChessBase"]
[SourceDate "2016.12.12"]
[SourceVersion "1"]
[SourceVersionDate "2016.12.12"]
[SourceQuality "1"]

1. d4 Nf6 2. Bg5 d5 3. Bxf6 exf6 4. e3 f5 5. c4 f4 6. exf4 Bb4+ 7. Nc3 0-0 8. Nf3 Bg4 9. Be2 dxc4 10. 0-0 Nc6 11. h3 Bxf3 12. Bxf3 Nxd4 13. Bxb7 Rb8 14. Be4 Re8 15. Re1 Ne6 16. Qh5 g6 17. Qg4 Bxc3 18. bxc3 Qf6 19. f5 Nc5 20. fxg6 hxg6 21. Bd5 Rxe1+ 22. Rxe1 Nd3 23. Rf1 Kg7 24. Qxc4 Nf4 25. Qxc7 Rb2 26. Bb3 Ne2+ 27. Kh1 Nxc3 28. Bxf7 Nb5 29. Qb8 Qxf7 30. Re1 Rxa2 31. Qxb5 Rxf2 32. Qe5+ Kh7 33. Re4 Rf5 34. Qe7 a5 35. Qd8 Rd5 36. Rh4+ Rh5 37. Rd4 Kh6 38. Qh8+ Qh7 39. Qf8+ Qg7 40. Qf4+ Kh7 41. Qg4 Rf5 42. Qh4+ Kg8 43. Qd8+ Qf8 44. Qb6 Rf6 45. Qb3+ Qf7 46. Qc3 Qf8 47. Qc4+ Kg7 48. Rd7+ Rf7 49. Qc3+ Kh7 50. Rxf7+ Qxf7 51. Qxa5 Qf1+ 52. Kh2 Qf4+ 53. Kg1 Qc1+ 54. Kf2 Qf4+ 55. Ke2 Qe4+ 56. Kf1 Qf4+ 57. Kg1 Qc1+ 1/2-1/2

[Event "Runavik op"]
[Site "Runavik"]
[Date "2016.11.23"]
[Round "3"]
[White "Skaale, Janus"]
[Black "Olafsson, Thorvadur F"]
[Result "0-1"]
[WhiteElo "1783"]
[BlackElo "2182"]
[PlyCount "106"]
[EventDate "2016.11.21"]
[EventType "swiss"]
[EventRounds "9"]
[EventCountry "FAI"]
[SourceTitle "CBM 175 Extra"]
[Source "ChessBase"]
[SourceDate "2016.12.12"]
[SourceVersion "1"]
[SourceVersionDate "2016.12.12"]
[SourceQuality "1"]

1. e4 c5 2. Nf3 e6 3. d4 cxd4 4. Nxd4 Nc6 5. Be3 Nf6 6. Nc3 a6 7. Bc4 Qc7 8. Bb3 Bb4 9. f3 Na5 10. Nde2 d5 11. exd5 Nxb3 12. axb3 Nxd5 13. Qd4 Nxe3 14. Qxe3 Qc5 15. Qxc5 Bxc5 16. Ne4 Ba7 17. 0-0-0 Ke7 18. N2c3 Bd7 19. Rd3 Bc6 20. Rhd1 Rhd8 21. Rxd8 Rxd8 22. Rxd8 Kxd8 23. Kd2 Ke7 24. Kd3 f5 25. Nd2 b5 26. b4 e5 27. g4 e4+ 28. fxe4 fxg4 29. Nd5+ Bxd5 30. exd5 Bb8 31. Nf1 h5 32. Ke4 g6 33. c3 Bd6 34. Ke3 Kf6 35. Ke4 Kg5 36. Ng3 Kh4 37. Nf1 Kh3 38. Ke3 Kg2 39. Ke2 Be5 40. Ke1 Kf3 41. Nd2+ Ke3 42. Kd1 Kd3 43. Nf1 Ke4 44. Ke2 Kxd5 45. Kd3 Bd6 46. b3 Ke5 47. Ke3 h4 48. Nd2 Kf5 49. Nf1 g5 50. Nd2 Bf4+ 51. Ke2 Bxd2 52. Kxd2 g3 53. hxg3 h3 0-1